Надежность электрорадиоизделий при хранении

গ্রন্থ-পঞ্জীর বিবরন
প্রধান লেখক: Груничев А. С. Александр Степанович
অন্যান্য লেখক: Веденеев Ю. З. Юрий Захарович, Елкин В. М. Вячеслав Михайлович
ভাষা:রুশ
প্রকাশিত: Москва, Энергоатомиздат, 1983
মালা:Надежность и качество
বিষয়গুলি:
বিন্যাস: গ্রন্থ
KOHA link:https://koha.lib.tpu.ru/cgi-bin/koha/opac-detail.pl?biblionumber=305632

MARC

LEADER 00000nam0a2200000 4500
001 305632
005 20231102001823.0
020 |a RU  |b 83-54862 
035 |a (RuTPU)RU\TPU\book\330904 
090 |a 305632 
100 |a 20150929d1983 k y0rusy5003 ca 
101 0 |a rus 
102 |a RU 
105 |a a z 001zy 
200 1 |a Надежность электрорадиоизделий при хранении  |f А. С. Груничев, Ю. З. Веденеев, В. М. Елкин 
210 |a Москва  |c Энергоатомиздат  |d 1983 
215 |a 161 с.  |c ил. 
225 1 |a Надежность и качество 
320 |a Библиогр.: с. 158-160 
606 |a Электротехнические изделия  |x Хранение  |2 stltpush  |3 (RuTPU)RU\TPU\subj\20947  |9 46007 
606 |a Радиотехнические изделия  |x Хранение  |2 stltpush  |3 (RuTPU)RU\TPU\subj\23220  |9 47852 
610 1 |a надежность 
610 1 |a отказы 
610 1 |a оборудование 
675 |a 621.3.002.6  |v 3 
675 |a 621.37-027  |v 3 
700 1 |a Груничев  |b А. С.  |g Александр Степанович 
701 1 |a Веденеев  |b Ю. З.  |g Юрий Захарович 
701 1 |a Елкин  |b В. М.  |g Вячеслав Михайлович 
801 0 |a RU  |b RuMRKP  |c 19950704  |g psbo 
801 1 |a RU  |b 63413507  |c 20150929 
801 2 |a RU  |b 63413507  |c 20171205  |g RCR 
942 |c BK